El cooperativismo costarricense y el tratado de libre comercio /
Saved in:
| Main Author: | |
|---|---|
| Format: | Text |
| Subjects: | |
| Tags: |
Add Tag
No Tags, Be the first to tag this record!
|
MARC
| LEADER | 00000 a a2200000 04500 | ||
|---|---|---|---|
| 001 | 16893 | ||
| 003 | |||
| 040 | |||
| 100 | |a Regidor Beltrán, Harys | ||
| 245 | |a El cooperativismo costarricense y el tratado de libre comercio / |c Harys Regidor Beltrán | ||
| 650 | |a COOPERATIVAS | ||
| 650 | |a MOVIMIENTOS SOCIALES | ||
| 650 | |a TLC | ||
| 650 | |a COSTA RICA | ||
| 773 | |g volumen 15, número 2; páginas 7-18 | ||
| 999 | |c 25146 |d 25146 | ||
